Visions of Hindu identity and Indian nationalism (Record no. 527250)
[ view plain ]
| 000 -LEADER | |
|---|---|
| fixed length control field | 01374nam a22001577a 4500 |
| 008 - FIXED-LENGTH DATA ELEMENTS--GENERAL INFORMATION | |
| fixed length control field | 240819b ||||| |||| 00| 0 eng d |
| 100 ## - MAIN ENTRY--PERSONAL NAME | |
| Personal name | Tuteja, K.L. |
| 245 ## - TITLE STATEMENT | |
| Title | Visions of Hindu identity and Indian nationalism |
| 260 ## - PUBLICATION, DISTRIBUTION, ETC. (IMPRINT) | |
| Place of publication, distribution, etc | Social Scientist |
| 300 ## - PHYSICAL DESCRIPTION | |
| Extent | 52(3-4), Mar-Apr, 2024: p.37-62 |
| 520 ## - SUMMARY, ETC. | |
| Summary, etc | In this essay I address he emergence and growth of the Hindu identity I late colonial Punjab giving special attention to the participation of Lala Lajpat Rai both as an ideologue and activist in the context of the shifts taking place in Hindu identity politics as well as in the national movement. The study of Hindu consciences in the colonial Punjab is indeed significant not only because it grew in a powerful manner in this province but also because of some specificity it displayed there. – Reproduced |
| 650 ## - SUBJECT ADDED ENTRY--TOPICAL TERM | |
| Topical term or geographic name as entry element | Hindu identity, Colonial Punjab, Lala Lajpat Rai, Hindu nationalism, Religious consciousness, Identity politics, Arya Samaj, Ideological activism, National movement, Hindu Mahasabha, Cultural nationalism, Political reform, Regional specificity, Late colonial India, Hindu–Muslim dynamics, Punjab politics, Reformist movements, Hindu socio-political thought, Historical evolution, Religious identity formation |
| 9 (RLIN) | 56566 |
| 773 ## - HOST ITEM ENTRY | |
| Main entry heading | Social Scientist |
| 906 ## - LOCAL DATA ELEMENT F, LDF (RLIN) | |
| Subject DIP | INDIAN NATIONAL MOVEMENT—IDEOLOGICAL FORMATION |
| 942 ## - ADDED ENTRY ELEMENTS (KOHA) | |
| Item type | Articles |
| Withdrawn status | Lost status | Source of classification or shelving scheme | Damaged status | Not for loan | Permanent location | Current location | Date acquired | Serial Enumeration / chronology | Barcode | Date last seen | Koha item type |
|---|---|---|---|---|---|---|---|---|---|---|---|
| Indian Institute of Public Administration | Indian Institute of Public Administration | 2024-08-19 | 52(3-4), Mar-Apr, 2024: p.37-62 | AR132696 | 2024-08-19 | Articles |
